000 00848cam a2200265 4500
001 WB3717-05
008 000000n2001 000 0 eng u
035 _a(Sirsi) u112263
245 _aCity strikes back at Canary Wharf
260 _c2001
490 _aIndependent
_v28 April 2001, 5(1)
520 _a1m sq ft of prime office space is to be created on a former railway yard between Spitalfields Market and Bishopsgate in an attempt to lure financial firms back to the City from Canary Wharf.
590 _aWB
650 _aBISHOPSGATE
650 _aBROWNFIELD LAND
650 _aBROWNFIELD SITES
650 _aCANARY WHARF
650 _aCITY OF LONDON
650 _aOFFICE SPACE
650 _aOFFICES
650 _aSPITALFIELDS MARKET
650 _aURBAN REGENERATION
690 _aPROPERTY-COMMERCIAL PROPERTY
942 _n0
999 _c66843
_d66843